Guess Stray Kids MV From Release Date - Statistics

General Stats
  • This quiz has been taken 84 times
  • The average score is 10 of 71
Answer Stats
Answer % Correct
Hellevator
97%
District 9
58%
MIROH
34%
Chk Chk Boom
31%
My Pace
25%
Spread My Wings
25%
S-Class
24%
Boxer
22%
I am YOU
22%
LALALALA
22%
MOUNTAINS
22%
Get Cool
20%
Grrr
20%
Victory Song
20%
Chronosaurus
19%
Grow Up
19%
JJAM
19%
MEGAVERSE
19%
Mirror
19%
Side Effects
19%
Stray Kids
19%
19
17%
Double Knot
17%
Levanter
17%
Thunderous
17%
Voices
17%
Walkin On Water
17%
Awkward Silence
15%
CASE 143
15%
MANIAC
15%
M.I.A.
15%
My Side
15%
Question
15%
God's Menu
14%
TMT
14%
FNF
10%
Astronaut
8%
Christmas EveL
8%
DLC
8%
Easy
8%
GET LIT
8%
N/S
8%
TOPLINE (Feat. Tiger JK)
8%
VENOM
8%
You Can STAY
8%
Youtiful
8%
ALL IN
7%
Lonely St.
7%
Mixtape: Gone Days
7%
24 to 25
5%
Back Door
5%
Cheese
5%
CHILL
5%
FREEZE
5%
Mixtape: On Track
5%
SUPER BOARD
5%
Winter Falls
5%
Any
3%
Blueprint
3%
Give Me Your TMI
3%
Lee Know, Changbin, Felix - Surfin'
3%
SLUMP
3%
The View
3%
TOP
3%
Bang Chan, Hyunjin - Red Lights
2%
Ex
2%
Han, Seungmin, I.N - Gone Away
2%
#LoveSTAY
2%
Sorry, I Love You
2%
Time Out
2%
Secret Secret
0%
No matching quizzes found
Score Distribution
Percent of People with Each Score
Percentile by Number Answered
Your Score History
You have not taken this quiz